• 首页
  • 本馆介绍
  • 公告通知
  • 最新文献
  • 馆藏检索
  • 电子资源
  • 读者导购
  • 参考咨询
  • 我的图书馆
  • 登录
  • 详细信息显示
  • 放入我的书架
  • 预约/预借图书
  • 作者相关作品
  • 分类相关作品
  • 丛书相关作品
  • 出版社相关作品

书目信息

  • 表格格式
  • 工作单格式
  • 卡片格式
题名:
五代那些事儿
    
 
作者: 余耀华 著
分册: 叁   五代归宋卷
出版信息: 北京   中国工人出版社  2017.07
页数: 291页
开本: 24cm
丛书名: 历史新阅读丛书
单 册:
中图分类: K243.109
科图分类:
主题词: 五代(907-960)--古代史--通俗读物
电子资源:
ISBN: 978-7-5008-6735-7
000 00906oam2 2200265 450
001 0120172236632
005 20171023080717.00
010    @a978-7-5008-6735-7@dCNY39.00
100    @a20170710d2017 em y0chiy50 ea
101 0  @achi
102    @aCN@b110000
105    @ay z 000yy
106    @ar
200 1  @a五代那些事儿@9wu dai na xie shi er@h叁@i五代归宋卷@f余耀华著
210    @a北京@c中国工人出版社@d2017.07
215    @a291页@d24cm
225 2  @a历史新阅读丛书
330    @a本书共分为二十四章,内容包括:知远称帝、木乃伊皇帝、汴州新主、最后一道命令、三镇叛乱、覆巢之下有完卵、酒桌上的冲突、意外的凶手、老狐狸冯道、文身天子郭雀儿、覆国亡家等。
333    @a历史研究者
461  0 @12001 @a历史新阅读丛书
606 0  @a五代(907-960)@x古代史@j通俗读物
690    @aK243.109@v5
701  0 @a余耀华@9yu yao hua@4著
801  0 @aCN@b人天书店@c20170710
905    @b1080235-40@dK243.109@e18:3@f6
    
    五代那些事儿.叁.五代归宋卷/余耀华著.-北京:中国工人出版社,2017.07
    291页;24cm.-(历史新阅读丛书)
    使用对象:历史研究者
    
    ISBN 978-7-5008-6735-7:CNY39.00
    本书共分为二十四章,内容包括:知远称帝、木乃伊皇帝、汴州新主、最后一道命令、三镇叛乱、覆巢之下有完卵、酒桌上的冲突、意外的凶手、老狐狸冯道、文身天子郭雀儿、覆国亡家等。
●
相关链接 在E读中查询图书 在五车中查询图书 在当当中查询图书 在豆瓣中查询图书


正题名:五代那些事儿     索取号:K243.109/18:3         预约/预借

序号 登录号 条形码 馆藏地/架位号 状态 备注
1 1080235   210802354   第二样本阅览室/ [索取号:K243.109/18:3] 在馆    
2 1080236   210802363   第二借阅区/ [索取号:K243.109/18:3] 在馆    
3 1080237   210802372   第二借阅区/ [索取号:K243.109/18:3] 在馆    
4 1080238   210802381   第二借阅区/ [索取号:K243.109/18:3] 在馆    
5 1080239   210802390   第二借阅区/ [索取号:K243.109/18:3] 在馆    
6 1080240   210802407   密集书库-文学院/ [索取号:K243.109/18:3] 在馆    
唐山师范学院图书馆 欢迎您!
大连网信软件有限公司© 版权所有